| 000 | 00859nam a22001817a 4500 | ||
|---|---|---|---|
| 003 | NUST | ||
| 005 | 20240621105020.0 | ||
| 020 | _a9798566578675 | ||
| 082 | _a005.8,RIC | ||
| 100 |
_aRichards, William _9111000 |
||
| 245 |
_aCyber security & Cyber war in 2021 for beginners / _cWilliam Ricahards |
||
| 260 |
_aUSA _c2020 |
||
| 300 | _a227 p | ||
| 505 | _aIntroduction to Cybersecurity (Page-6), Problem Arising in the Industry (Page-20), Detrimental Data Breaches (Page-47), Small Cybercrime Events (Page-56), How Not to Get Easily Hacked (Page-62), Cybersecurity in the 2000's V 2020 (Page-76), Leaders in Cybersecurity (Page-114), Leading Companies in Cybersecurity (Page-127), Global Cybersecurity Cooperation (Page-156), The Future of Cybersecurity (Page-199). | ||
| 650 |
_aCyber Security _9123739 |
||
| 651 |
_aCyber War _9123740 |
||
| 942 |
_2ddc _cBK |
||
| 999 |
_c594013 _d594013 |
||